000 00870nam a2200229 4500
003 LK-CoMWRAF
008 231119b2012 |||||||| |||| 00| 0 eng d
020 _a9789381411322
040 _aLK-CoMWRAF
_dLK-CoMWRAF
_eLK-CoMWRAF
041 _aeng
082 _a320.5409
_bPOS
111 _aSEMINAR ON 'POST CONFLICT SRI LANKA:REBUILDING OF THE SOCIETY'
_c(Colombo)
245 _aPost conflict Sri Lanka:
_brebuilding of the society
260 _aNew Delhi:
_bVij Books India,
_c2012
300 _axii, 194 p., [4] p. of plates : col. ill. ; 25 cm.
650 _aSri Lanka--Politics and government--21st century--Congresses
650 _aSri Lanka--Social conditions--21st century
650 _aSri Lanka--Economic conditions--21st century
650 _aSri Lanka--Ethnic relations--Political aspects--21st century
700 _aRaghavan, V. R.
_eed.
942 _cCP
999 _c4154
_d4154